000 00409cam a22001337a 4500
008 180718b1978 xxu||||| |||| 00| 0 eng d
082 _aT421x54 M426
100 _aMathur, O.P.
245 _aPublic sector banks in India's economy: a case study of the state Bank
_cby O.P. Mathur
260 _aNew Delhi
_bSterling
_c1978
300 _a211p.
650 _aBanks, Central - India
650 _aState Bank of India
999 _c350288
_d350288